Možnosti využitia metód podnikovej diagnostiky pri stanovení diagnózy a prognózy v stavebnom podniku
Aplikácia metód podnikovej diagnostiky v konkrétnom stavebnom podniku (Stavostav, a.s.). Metóda pasportu ako metóda diagnostiky okolia podniku, metóda benchmarkingu, metóda multikriteriálneho vyhodnocovania variantov a krízový barometer - metódy diagnostikovania životného cyklu podniku. Predikcia bu...
Enregistré dans:
| Auteur principal: | |
|---|---|
| Format: | Chapitre de livre |
| Langue: | slovaque |
| Sujets: | |
| Tags: |
Pas de tags, Soyez le premier à ajouter un tag!
|
MARC
| LEADER | 00000nla$a2200000$$$4500 | ||
|---|---|---|---|
| 001 | 0094113 | ||
| 005 | 20240521074509.1 | ||
| 041 | 0 | |a slo | |
| 044 | |a CZ | ||
| 245 | 1 | 0 | |a Možnosti využitia metód podnikovej diagnostiky pri stanovení diagnózy a prognózy v stavebnom podniku |c Anna Neumannová |
| 520 | |a Aplikácia metód podnikovej diagnostiky v konkrétnom stavebnom podniku (Stavostav, a.s.). Metóda pasportu ako metóda diagnostiky okolia podniku, metóda benchmarkingu, metóda multikriteriálneho vyhodnocovania variantov a krízový barometer - metódy diagnostikovania životného cyklu podniku. Predikcia budúceho vývoja podniku prostredníctvom štatistických metód. | ||
| 610 | 2 | 0 | |a diagnostika podniková |
| 610 | 2 | 0 | |a prognózy podnikové |
| 610 | 2 | 0 | |a metódy štatistické |
| 610 | 2 | 0 | |a benchmarking |
| 610 | 2 | 0 | |a kríza |
| 610 | 2 | 0 | |a cyklus podniku životný |
| 610 | 2 | 0 | |a likvidita podniku |
| 100 | 1 | |a Neumannová, Anna | |